|
|
|
|
| LEADER |
03042nam a22005535i 4500 |
| 001 |
978-3-642-38673-2 |
| 003 |
DE-He213 |
| 005 |
20151103122401.0 |
| 007 |
cr nn 008mamaa |
| 008 |
130710s2013 gw | s |||| 0|eng d |
| 020 |
|
|
|a 9783642386732
|9 978-3-642-38673-2
|
| 024 |
7 |
|
|a 10.1007/978-3-642-38673-2
|2 doi
|
| 040 |
|
|
|d GrThAP
|
| 050 |
|
4 |
|a TK5105.5-5105.9
|
| 072 |
|
7 |
|a UKN
|2 bicssc
|
| 072 |
|
7 |
|a COM075000
|2 bisacsh
|
| 082 |
0 |
4 |
|a 004.6
|2 23
|
| 245 |
1 |
0 |
|a Benchmarking Peer-to-Peer Systems
|h [electronic resource] :
|b Understanding Quality of Service in Large-Scale Distributed Systems /
|c edited by Wolfgang Effelsberg, Ralf Steinmetz, Thorsten Strufe.
|
| 264 |
|
1 |
|a Berlin, Heidelberg :
|b Springer Berlin Heidelberg :
|b Imprint: Springer,
|c 2013.
|
| 300 |
|
|
|a VIII, 197 p. 57 illus.
|b online resource.
|
| 336 |
|
|
|a text
|b txt
|2 rdacontent
|
| 337 |
|
|
|a computer
|b c
|2 rdamedia
|
| 338 |
|
|
|a online resource
|b cr
|2 rdacarrier
|
| 347 |
|
|
|a text file
|b PDF
|2 rda
|
| 490 |
1 |
|
|a Lecture Notes in Computer Science,
|x 0302-9743 ;
|v 7847
|
| 505 |
0 |
|
|a Introduction -- A Formal Model for Peer-to-Peer Systems -- Benchmarking Methodology -- Structured Search Overlays -- Content Delivery Overlays -- Decentralized Monitoring in Peer-to-Peer Systems -- Service Overlays -- Peer-to-Peer Overlays for Online Games -- Video-Streaming Overlays -- Summary and Conclusion.
|
| 520 |
|
|
|a Peer-to-peer systems are now widely used and have become the focus of attention for many researchers over the past decade. A number of algorithms for decentralized search, content distribution, and media streaming have been developed. This book provides fundamental concepts for the benchmarking of those algorithms in peer-to-peer systems. It also contains a collection of characteristic benchmarking results. The chapters of the book have been organized in three topical sections on: Fundamentals of Benchmarking in P2P Systems; Synthetic Benchmarks for Peer-to-Peer Systems; and Application Benchmarks for Peer-to-Peer Systems. They are preceded by a detailed introduction to the subject.
|
| 650 |
|
0 |
|a Computer science.
|
| 650 |
|
0 |
|a Computer communication systems.
|
| 650 |
|
0 |
|a Computer system failures.
|
| 650 |
|
0 |
|a Software engineering.
|
| 650 |
|
0 |
|a Personal computers.
|
| 650 |
1 |
4 |
|a Computer Science.
|
| 650 |
2 |
4 |
|a Computer Communication Networks.
|
| 650 |
2 |
4 |
|a System Performance and Evaluation.
|
| 650 |
2 |
4 |
|a Software Engineering.
|
| 650 |
2 |
4 |
|a Information Systems Applications (incl. Internet).
|
| 650 |
2 |
4 |
|a Personal Computing.
|
| 700 |
1 |
|
|a Effelsberg, Wolfgang.
|e editor.
|
| 700 |
1 |
|
|a Steinmetz, Ralf.
|e editor.
|
| 700 |
1 |
|
|a Strufe, Thorsten.
|e editor.
|
| 710 |
2 |
|
|a SpringerLink (Online service)
|
| 773 |
0 |
|
|t Springer eBooks
|
| 776 |
0 |
8 |
|i Printed edition:
|z 9783642386725
|
| 830 |
|
0 |
|a Lecture Notes in Computer Science,
|x 0302-9743 ;
|v 7847
|
| 856 |
4 |
0 |
|u http://dx.doi.org/10.1007/978-3-642-38673-2
|z Full Text via HEAL-Link
|
| 912 |
|
|
|a ZDB-2-SCS
|
| 912 |
|
|
|a ZDB-2-LNC
|
| 950 |
|
|
|a Computer Science (Springer-11645)
|